00829cam a2200193 4500001001000000008004100010035001400051050002300065100002300088245015800111260004700269300003600316440007300352504003900425650004600464650004600510700004800556700003100604BFD003898 s1943 ita spa  aBFD00389804aKKH1710 bC35 19431 aCalamandrei, Piero10aInstituciones de derecho procesal civil según el nuevo codigo /cPiero Calamandrei ; traducción de Santiago Sentís Melendo ; prólogo Hugo Alsina. aBuenos Aires, Argentina :bDepalma ,c1943 axxviii, 353 páginas ;c23 cm. 0aBiblioteca jurídica. Sección Derecho Procesal Civil y Comercial. aBibliografía : páginas 347-353 7aProcedimientos civiles zArgentina 2lemb 4aDerecho procesal civil zArgentina 2lemb1 aSentís Melendo, Santiago, etraducción.1 aAlsina, Hugo, eprólogo.